| 000 -LEADER |
| fixed length control field |
00647nam a22001337a 4500 |
| 040 ## - CATALOGING SOURCE |
| Transcribing agency |
RUA |
| 082 ## - DEWEY DECIMAL CLASSIFICATION NUMBER |
| Classification number |
ATM SOY 2010 B198 Or.1 |
| 100 ## - MAIN ENTRY--AUTHOR NAME |
| Personal name |
SOY, KOSAL |
| 245 ## - TITLE STATEMENT |
| Title |
Using power tiller in agricultural field in svay antor district, prey veng province, ការប្រើប្រាស់គោយន្តក្នុងវិស័យកសិកម្មនៅក្នុងស្រុកស្វាយអន្ទរ ខេត្តព្រៃវែង |
| 260 ## - PUBLICATION, DISTRIBUTION, ETC. (IMPRINT) |
| Place of publication |
Phnom Penh |
| Name of publisher |
RUA |
| Year of publication |
2010 |
| 300 ## - PHYSICAL DESCRIPTION |
| Number of Pages |
xi, 53p. |
| Other physical details |
ill. |
| Dimensions |
29cm. |
| 856 ## - ELECTRONIC LOCATION AND ACCESS |
| Uniform Resource Identifier |
https://drive.google.com/file/d/1jdJYUMNsz4zdeasjJKlWFL2CaOhsX2QN/view?usp=sharing |
| 942 ## - ADDED ENTRY ELEMENTS (KOHA) |
| Koha item type |
ATM |
| 952 ## - LOCATION AND ITEM INFORMATION (KOHA) |
| Withdrawn status [LOCAL, KOHA] |
0 |
| 952 ## - LOCATION AND ITEM INFORMATION (KOHA) |
| Withdrawn status [LOCAL, KOHA] |
0 |
| 952 ## - LOCATION AND ITEM INFORMATION (KOHA) |
| Withdrawn status [LOCAL, KOHA] |
0 |
| 952 ## - LOCATION AND ITEM INFORMATION (KOHA) |
| Withdrawn status [LOCAL, KOHA] |
0 |